UBT Library

Programming Jakarta Struts / (Record no. 47279)

000 -LEADER
fixed length control field 00682cam a2200241 a 4500
001 - CONTROL NUMBER
control field 13107442
005 - DATE AND TIME OF LATEST TRANSACTION
control field 20180823081457.0
008 - FIXED-LENGTH DATA ELEMENTS--GENERAL INFORMATION
fixed length control field 030228t20022003cc a 001 0 eng d
010 ## - LIBRARY OF CONGRESS CONTROL NUMBER
LC control number 2003268970
020 ## - INTERNATIONAL STANDARD BOOK NUMBER
International Standard Book Number 0596003285
035 ## - SYSTEM CONTROL NUMBER
System control number (OCoLC)ocm51226535
040 ## - CATALOGING SOURCE
Original cataloging agency WIY
Transcribing agency WIY
Modifying agency CUS
-- DLC
041 ## - LANGUAGE CODE
Language code of text/sound track or separate title eng
042 ## - AUTHENTICATION CODE
Authentication code lccopycat
080 ## - UNIVERSAL DECIMAL CLASSIFICATION NUMBER
Universal Decimal Classification number 005.3
082 00 - DEWEY DECIMAL CLASSIFICATION NUMBER
Classification number 005.3
Edition number 22
100 1# - Rafti
Rafti 35
101 ## - Shkurtesa
Shkurtesa SHKI
245 10 - TITLE STATEMENT
Title Programming Jakarta Struts /
Statement of responsibility, etc Chuck Cavaness.
906 ## - LOCAL DATA ELEMENT F, LDF (RLIN)
a 7
b cbc
c copycat
d 2
e ncip
f 20
g y-gencatlg
942 ## - ADDED ENTRY ELEMENTS (KOHA)
Source of classification or shelving scheme
Item type Books
Holdings
Withdrawn status Lost status Source of classification or shelving scheme Damaged status Not for loan Collection code Permanent location Current location Shelving location Date acquired Total Checkouts Full call number Barcode Date last seen Price effective from Koha item type
          Koleksioni i përgjithshem UBT - Lipjan UBT - Lipjan Koleksioni i përgjithshem 08/23/2018   005.3 CAV 002-3012147 08/23/2018 08/23/2018 Books
UBT Library © 2015-2024. All rights reserved University Education for Business and Technology